000 00843cab a2200289 4500
001 X46
008 090401t1991 xxu||||| |||| 00| 0 eng d
035 _a(Sirsi) u44739
041 _aeng
245 _aJobs monitor defines job gap
260 _c1991
350 _a0
490 _aChartered Surveyor Weekly
_v37(5) 31 October 1991, 20-21(2)
650 _aAGRICULTURAL SURVEYORS
650 _aBUILDING SURVEYORS
650 _aABOUT RICS-RICS MEMBERS
650 _aCSW JOBS MONITOR
650 _aEMPLOYMENT TRENDS
650 _aPROPERTY JOBS SUPPLY AND DEMAND INDEX
650 _aPROPERTY PROFESSIONALS
650 _aRECRUITMENT TRENDS
650 _aREGIONAL EMPLOYMENT INDEX
650 _aVOCATIONAL EMPLOYMENT INDEX
690 _aMANAGEMENT-BUSINESS MANAGEMENT-PROFESSIONAL PRACTICE
942 _n0
948 _c04/03/1997
999 _c28428
_d28428